Statistics for 2014 New Zealand Rugby All Blacks - High School Attended

Click here to take the quiz!

General Stats

  • This quiz has been taken 90 times
  • The average score is 13 of 33

Answer Stats

PlayerSchool% Correct
Owen FranksChristchurch Boys
80%
Brodie RetallickChristchurch Boys
80%
Richard McCawOtago Boys
78%
James ParsonsKings
57%
Ben SmithKings
57%
Sonny Bill WilliamsMt Albert Grammar
53%
Aaron CrudenPalmerston North Boys
53%
Liam MessamRotorua Boys
48%
Charles PiutauWesley
43%
Augustine PuluWesley
43%
Malakai FekitoaWesley
43%
Jerome KainoSt Kentigern
41%
Joe MoodyChrists
40%
Conrad SmithFrancis Douglas Memorial
38%
Beauden BarrettFrancis Douglas Memorial
38%
Julian SaveaRongotai
37%
Aaron SmithFeilding
35%
Sam WhitelockFeilding
35%
Wyatt CrockettNelson
35%
Sam CaneTauranga Boys
35%
Nathan HarrisTauranga Boys
35%
Victor VitoScots
31%
Israel DaggLindisfarne
30%
TJ PerenaraMana
30%
Kieran ReadRosehill
26%
Patrick TuipulotuSt Peters
26%
Keven MealamuAorere
23%
Jeremy ThrushHutt Valley
23%
Ryan CrottyShirley Boys
21%
Cory JaneHeretaunga
19%
Dane ColesParaparaumu
19%
Ben FranksAranui
14%
Charlie FaumuinaPapatoetoe
11%

Score Distribution

Percentile by Number Answered

Percent of People with Each Score

Your Score History

You have not taken this quiz